Normal view
MARC view
- Criminal law (Islamic law)
Entry Topical Term
001 - CONTROL NUMBER
- control field: 85205
003 - CONTROL NUMBER IDENTIFIER
- control field: NUST
005 - DATE AND TIME OF LATEST TRANSACTION
- control field: 20211128151857.0
008 - FIXED-LENGTH DATA ELEMENTS
- fixed length control field: 211128|| aca||aabn | a|a d
040 ## - CATALOGING SOURCE
- Original cataloging agency: NUST
- Transcribing agency: NUST
150 ## - HEADING--TOPICAL TERM
- Topical term or geographic name entry element: Criminal law (Islamic law)
- Geographic subdivision: Pakistan
670 ## - SOURCE DATA FOUND
- Source citation: Work cat.: (NUST)0: Nyazee, Imran Ahsan Khan. 85203, General principles of criminal law :, c1998.
